<?xml version="1.0" encoding="UTF-8"?>
<record
    xmlns:xsi="http://www.w3.org/2001/XMLSchema-instance"
    xsi:schemaLocation="http://www.loc.gov/MARC21/slim http://www.loc.gov/standards/marcxml/schema/MARC21slim.xsd"
    xmlns="http://www.loc.gov/MARC21/slim">

  <leader>02334cam a2200325 a 4500</leader>
  <controlfield tag="005">20031230185550.0</controlfield>
  <controlfield tag="008">940308s1993    enkab    b    001 0 eng  </controlfield>
  <datafield tag="010" ind1=" " ind2=" ">
    <subfield code="a">ENG-101699</subfield>
  </datafield>
  <datafield tag="020" ind1=" " ind2=" ">
    <subfield code="c">750.00</subfield>
    <subfield code="a">9788184000443</subfield>
  </datafield>
  <datafield tag="035" ind1=" " ind2=" ">
    <subfield code="a">EN-85232</subfield>
  </datafield>
  <datafield tag="037" ind1=" " ind2=" ">
    <subfield code="b">DBAD/PUB</subfield>
  </datafield>
  <datafield tag="040" ind1=" " ind2=" ">
    <subfield code="a">dpl</subfield>
    <subfield code="b">Eng</subfield>
  </datafield>
  <datafield tag="082" ind1=" " ind2=" ">
    <subfield code="a">891.43934</subfield>
  </datafield>
  <datafield tag="100" ind1="1" ind2=" ">
    <subfield code="9">22405</subfield>
    <subfield code="a">G&#x332;h&#x332;&#x101;lib Lakhnav&#x12B;.</subfield>
  </datafield>
  <datafield tag="245" ind1="1" ind2="0">
    <subfield code="a">The adventures of Amir Hamza :</subfield>
    <subfield code="c">by Ghalib Lakhnavi [and] Abdullah Bilgrami ; translated, with an introduction and notes, by Musharraf Ali Farooqi.</subfield>
    <subfield code="b">lord of the auspicious planetary conjunction /</subfield>
  </datafield>
  <datafield tag="260" ind1=" " ind2=" ">
    <subfield code="a">Noida</subfield>
    <subfield code="b">Random House India</subfield>
    <subfield code="c">2008</subfield>
  </datafield>
  <datafield tag="270" ind1=" " ind2=" ">
    <subfield code="a">Mind Mill Corporate Tower, 2nd Floor, Plot No 24A Sector 16A,</subfield>
    <subfield code="b">Noida</subfield>
    <subfield code="e">201301</subfield>
  </datafield>
  <datafield tag="300" ind1="1" ind2=" ">
    <subfield code="a">xxix,948p.</subfield>
    <subfield code="c">23cm (pbk)</subfield>
  </datafield>
  <datafield tag="500" ind1=" " ind2=" ">
    <subfield code="a">Epic literature</subfield>
  </datafield>
  <datafield tag="500" ind1=" " ind2=" ">
    <subfield code="a">Includes bibliographical references.</subfield>
  </datafield>
  <datafield tag="520" ind1=" " ind2=" ">
    <subfield code="a">This panoramic saga dates back perhaps as early as the seventh century, when oral narratives of the deeds of the prophet Muhammad&#x2019;s uncle Amir Hamza spread through Arabia, Persia, and the Indian subcontinent, expanding into a chronicle of warriors, kings, tricksters, fairies, courtesans, and magical creatures. The definitive Urdu text appeared toward the end of the 19th century, but English translations have been censored and abridged--until now. Here, the adventures of Amir Hamza are captured with all the colorful action, ribaldry, and fantastic elements intact. Amir Hamza travels to exotic lands, defeats many enemies, loves many women, and converts hundreds of infidels to the True Faith of Islam before finding his way back to his first love, the Persian emperor&#x2019;s daughter. Guided by a Merlin-like clairvoyant called Buzurjmehr and accompanied by his loyal friend, the ingenious trickster Amar Ayyar, Amir Hamza rides his winged steed Ashqar into combat against a marvelous array of opponents.--From publisher description.</subfield>
  </datafield>
  <datafield tag="546" ind1=" " ind2=" ">
    <subfield code="a">Translated from Urdu.</subfield>
  </datafield>
  <datafield tag="650" ind1=" " ind2="0">
    <subfield code="9">22448</subfield>
  </datafield>
  <datafield tag="651" ind1=" " ind2=" ">
    <subfield code="9">22481</subfield>
  </datafield>
  <datafield tag="700" ind1=" " ind2=" ">
    <subfield code="9">22431</subfield>
    <subfield code="a">Bilgr&#x101;m&#x12B;, &#x2BB;Abdull&#x101;h &#x1E24;usain.</subfield>
  </datafield>
  <datafield tag="700" ind1=" " ind2=" ">
    <subfield code="a">Farooqi, Musharraf</subfield>
    <subfield code="d">1968-</subfield>
    <subfield code="9">24470</subfield>
  </datafield>
  <datafield tag="700" ind1=" " ind2=" ">
    <subfield code="a">Farooqi, Musharraf Ali </subfield>
    <subfield code="9">23269</subfield>
  </datafield>
  <datafield tag="942" ind1=" " ind2=" ">
    <subfield code="2">ddc</subfield>
    <subfield code="c">EN</subfield>
    <subfield code="m">GHA</subfield>
    <subfield code="h">891.43934</subfield>
  </datafield>
  <datafield tag="999" ind1=" " ind2=" ">
    <subfield code="c">48321</subfield>
    <subfield code="d">48321</subfield>
  </datafield>
  <datafield tag="952" ind1=" " ind2=" ">
    <subfield code="0">0</subfield>
    <subfield code="1">0</subfield>
    <subfield code="2">ddc</subfield>
    <subfield code="4">0</subfield>
    <subfield code="7">1</subfield>
    <subfield code="8">NFIC</subfield>
    <subfield code="a">DBAD</subfield>
    <subfield code="b">DBAD</subfield>
    <subfield code="d">2010-10-09</subfield>
    <subfield code="e">DBAD/PUB</subfield>
    <subfield code="g">750.00</subfield>
    <subfield code="l">0</subfield>
    <subfield code="o">891.43934 GHA</subfield>
    <subfield code="p">EN-85232</subfield>
    <subfield code="r">2010-10-09 00:00:00</subfield>
    <subfield code="t">1</subfield>
    <subfield code="v">750.00</subfield>
    <subfield code="w">2010-10-09</subfield>
    <subfield code="y">EN</subfield>
  </datafield>
</record>
